|
|
|
|
| LEADER |
00000nam0a2200000 4500 |
| 001 |
169269 |
| 005 |
20231031163351.0 |
| 010 |
|
|
|a 5289005021
|
| 020 |
|
|
|a RU
|b 90-70425
|
| 035 |
|
|
|a (RuTPU)RU\TPU\book\183620
|
| 090 |
|
|
|a 169269
|
| 100 |
|
|
|a 20091110d1990 m y0rusy5003 ca
|
| 101 |
0 |
|
|a rus
|
| 102 |
|
|
|a RU
|
| 105 |
|
|
|a y z 001zy
|
| 200 |
1 |
|
|a "Передать командованию..."
|e документальная повесть
|f К. Н. Киселев
|
| 210 |
|
|
|a Ленинград
|c Лениздат
|d 1990
|
| 215 |
|
|
|a 155,[3] с.
|c ил.
|d 20 см
|
| 320 |
|
|
|a Библиогр.: с. 157
|
| 601 |
1 |
0 |
|a Партизанская бригада (4)
|d (4)
|
| 610 |
1 |
|
|a партизанское движение
|
| 610 |
1 |
|
|a Новгородская область
|
| 610 |
1 |
|
|a военная история
|
| 610 |
1 |
|
|a Великая Отечественная война 1941-1945
|
| 686 |
|
|
|a Т3(2)722
|2 rubbk
|
| 700 |
|
1 |
|a Киселев
|b К. Н.
|g Константин Николаевич
|4 070
|
| 801 |
|
0 |
|a RU
|b RuMRKP
|c 19950417
|g psbo
|
| 801 |
|
1 |
|a RU
|b 63413507
|c 20091110
|
| 801 |
|
2 |
|a RU
|b 63413507
|c 20140303
|g RCR
|
| 942 |
|
|
|c BK
|